Текст томруулах:    
Journal of the American College of Cardiology (Бичлэгийн дугаар. 145136)
000 -УДИРДЛАГА
Удирдлага 02729nam a22004577a 4500
003 - ХЯНАЛТЫН ТОО ТОДОРХОЙЛОГЧ
Код MN-UlNUM
005 - БИЧИЛТ ХИЙСЭН ОГНОО
Тухайн бичилтийг бичсэн засварласан сүүлийн огноо 20251030112335.0
008 - ЕРӨНХИЙ МЭДЭЭЛЭЛ
Ерөнхий мэдээлэл 251030s2005 waua 000 | eng d
022 ## - ISSN
ISSN 0735-1097
040 ## - БИЧЛЭГ ҮҮСГЭГЧ БАЙГУУЛЛАГА
Бичлэг үүсгэгч номын сангийн код МУИС-ийн номын сан
084 ## - ББК АНГИЛАЛ
Нэмэлт тусгалт Бусад
ББК ангилал 52.5
Зохиогчийн гурван тэмдэгт J 80
Мэдлэгийн ялгаа 5 - Эрүүлийг хамгаалах анагаах
110 ## - ЭРХЛЭН ГАРГАСАН /БАЙГУУЛЛАГА/
Эрхлэн гаргасан байгууллага American College of Cardiology
245 ## - ҮНДСЭН ГАРЧИГ
Номын нэр Journal of the American College of Cardiology
Ботийн дугаар Vol. 46, No. 10
260 ## - ГАРАЛТЫН МЭДЭЭ
Хэвлэгдсэн газар Washington, D.C
Хэвлэлийн газар Elsevier
Хэвлэгдсэн он 2005
300 ## - МАТЕРИАЛЫН ТОДОРХОЙЛОЛТ
хуудасны тоо 1964
500 ## - Тайлбар
Дансны дугаар БС 3273
505 ## - Агуулгын тэмдэглэгээ
Агуулгын тэмдэглэгээ The Journal of the American College of Cardiology (JACC) is one of the world’s leading peer-reviewed medical journals in the field of cardiovascular medicine. It publishes original research articles, reviews, editorials, and scientific statements on all aspects of cardiovascular disease.
546 ## - ХЭЛНИЙ ТУХАЙ МЭДЭЭ
Хэл Англи хэл дээр,
653 ## - Түлхүүр үг
Түлхүүр үг JACC
653 ## - Түлхүүр үг
Түлхүүр үг cardiology
653 ## - Түлхүүр үг
Түлхүүр үг atherosclerosis
653 ## - Түлхүүр үг
Түлхүүр үг heart failure
653 ## - Түлхүүр үг
Түлхүүр үг cardiac rhythm disorders
740 ## - НОМЫН ГАРЧИГ
Гарчиг Vasopressin Antagonism in Heart Failure
740 ## - НОМЫН ГАРЧИГ
Гарчиг High-Density Lipoprotein Function: Recent Advance
740 ## - НОМЫН ГАРЧИГ
Гарчиг The Dying Stem Cell Hypothesis: Immune Modulation as a Novel Mechanism for Progenitor Cell Therapy in Cardiac Muscle
740 ## - НОМЫН ГАРЧИГ
Гарчиг Efficacy and Safety of Fasudil in Patients With Stable Angina: A Double-Blind, Placebo-Controlled, Phase 2 Trial
740 ## - НОМЫН ГАРЧИГ
Гарчиг A Blinded, Randomized, Placebo-Controlled Trial of Percutaneous Laser Myocardial Revascularization to Improve Angina Symptoms in Patients With Severe Coronary Disease
740 ## - НОМЫН ГАРЧИГ
Гарчиг Platelet Reactivity in Patients and Recurrent Events Post-Stenting: Results of the PREPARE POST-STENTING Study
740 ## - НОМЫН ГАРЧИГ
Гарчиг Clopidogrel Effect on Platelet REactivity in Patients With Stent Thrombosis: Results of the CREST Study
740 ## - НОМЫН ГАРЧИГ
Гарчиг Triple Versus Dual Antiplatelet Therapy After Coronary Stenting: Impact on Stent Thrombosis
740 ## - НОМЫН ГАРЧИГ
Гарчиг The Influence of Race on Health Status Outcomes One Year After an Acute Coronary Syndrome
740 ## - НОМЫН ГАРЧИГ
Гарчиг Differences in the Management and Prognosis of Women and Men Who Suffer From Acute Coronary Syndromes
740 ## - НОМЫН ГАРЧИГ
Гарчиг Gender, Race, and Cardiac Care: Why the Differences?
740 ## - НОМЫН ГАРЧИГ
Гарчиг Plelotropic Effects of Statins: Benefit Beyond Cholesterol Reduction? A Meta-Regression Analysis
740 ## - НОМЫН ГАРЧИГ
Гарчиг Phenolic Content of Virgin Olive Oil Improves Ischemic Reactive Hyperemia In Hypercholesterolemic Patients
740 ## - НОМЫН ГАРЧИГ
Гарчиг The Relationship Between Blood Pressure and C-Reactive Protein in the Multi-Ethnic Study of Atherosclerosis (MESA)
740 ## - НОМЫН ГАРЧИГ
Гарчиг Cardiac Resynchronization Therapy Improves Heart Rate Profile and Heart Rate Variability of Patients With Moderate to Severe Heart Failure
942 ## - ЭЛЕМЕНТИЙН ТӨРӨЛ
Зүйлийн төрөл Ном